<?xml version="1.0" encoding="UTF-8"?>
<record
    xmlns:xsi="http://www.w3.org/2001/XMLSchema-instance"
    xsi:schemaLocation="http://www.loc.gov/MARC21/slim http://www.loc.gov/standards/marcxml/schema/MARC21slim.xsd"
    xmlns="http://www.loc.gov/MARC21/slim">

  <leader>00325nam a22001217a 4500</leader>
  <datafield tag="040" ind1=" " ind2=" ">
    <subfield code="c">SK</subfield>
  </datafield>
  <datafield tag="082" ind1=" " ind2=" ">
    <subfield code="a">572</subfield>
  </datafield>
  <datafield tag="100" ind1=" " ind2=" ">
    <subfield code="a">&#x1787;&#x17D2;&#x179A;&#x17BB;&#x1793; &#x179A;&#x17B7;&#x1791;&#x17D2;&#x1792;&#x17B8;</subfield>
  </datafield>
  <datafield tag="245" ind1=" " ind2=" ">
    <subfield code="a">Food biochemistry I; &#x1782;&#x17B8;&#x17C6;&#x17B8;&#x17C6;&#x1798;&#x17B8;&#x1787;&#x17B8;&#x179C;&#x17C8;&#x1785;&#x17C6;&#x178E;&#x17B8;&#x17A2;&#x17B6;&#x17A0;&#x17B6;&#x179A;</subfield>
  </datafield>
  <datafield tag="260" ind1=" " ind2=" ">
    <subfield code="a">RUA</subfield>
    <subfield code="b">&#x1787;&#x17D2;&#x179A;&#x17BB;&#x1793; </subfield>
    <subfield code="c">2011</subfield>
  </datafield>
  <datafield tag="300" ind1=" " ind2=" ">
    <subfield code="a">38p.</subfield>
  </datafield>
  <datafield tag="942" ind1=" " ind2=" ">
    <subfield code="c">KB</subfield>
  </datafield>
  <datafield tag="999" ind1=" " ind2=" ">
    <subfield code="c">9014</subfield>
    <subfield code="d">9014</subfield>
  </datafield>
  <datafield tag="952" ind1=" " ind2=" ">
    <subfield code="0">0</subfield>
    <subfield code="1">0</subfield>
    <subfield code="4">0</subfield>
    <subfield code="6">572_000000000000000_&#x1787;&#x179A;&#x17BB;&#x1793;_2011_C164</subfield>
    <subfield code="7">0</subfield>
    <subfield code="9">50494</subfield>
    <subfield code="a">LBC</subfield>
    <subfield code="b">LBC</subfield>
    <subfield code="c">C164</subfield>
    <subfield code="d">2016-08-23</subfield>
    <subfield code="o">572 &#x1787;&#x17D2;&#x179A;&#x17BB;&#x1793; 2011 C164</subfield>
    <subfield code="p">RUA43745</subfield>
    <subfield code="r">2016-10-13</subfield>
    <subfield code="y">KB</subfield>
  </datafield>
</record>
